<?xml version="1.0" encoding="UTF-8"?><?xml-stylesheet type="text/xsl" href="static/style.xsl"?><OAI-PMH xmlns="http://www.openarchives.org/OAI/2.0/" xmlns:xsi="http://www.w3.org/2001/XMLSchema-instance" xsi:schemaLocation="http://www.openarchives.org/OAI/2.0/ http://www.openarchives.org/OAI/2.0/OAI-PMH.xsd"><responseDate>2026-04-14T17:50:53Z</responseDate><request verb="GetRecord" identifier="oai:uvadoc.uva.es:10324/59005" metadataPrefix="marc">https://uvadoc.uva.es/oai/request</request><GetRecord><record><header><identifier>oai:uvadoc.uva.es:10324/59005</identifier><datestamp>2023-03-27T11:10:46Z</datestamp><setSpec>com_10324_38</setSpec><setSpec>col_10324_852</setSpec></header><metadata><record xmlns="http://www.loc.gov/MARC21/slim" xmlns:doc="http://www.lyncode.com/xoai" xmlns:xsi="http://www.w3.org/2001/XMLSchema-instance" xmlns:dcterms="http://purl.org/dc/terms/" xsi:schemaLocation="http://www.loc.gov/MARC21/slim http://www.loc.gov/standards/marcxml/schema/MARC21slim.xsd">
<leader>00925njm 22002777a 4500</leader>
<datafield tag="042" ind1=" " ind2=" ">
<subfield code="a">dc</subfield>
</datafield>
<datafield tag="720" ind1=" " ind2=" ">
<subfield code="a">Martín Abad, Miguel Ángel</subfield>
<subfield code="e">author</subfield>
</datafield>
<datafield tag="260" ind1=" " ind2=" ">
<subfield code="c">2023</subfield>
</datafield>
<datafield tag="520" ind1=" " ind2=" ">
<subfield code="a">Este Trabajo de Fin de Grado está basado en el estudio de la instalación de paneles fotovoltaicos para el autoconsumo de una industria con y sin uso de acumuladores.&#xd;
Para ello, se ha utilizado el software PVsyst 6.8.8 diseñado para cálculo de sistemas fotovoltaicos y la información otorgada por la empresa PROYECTARENOVABLES CONTROL SLU, donde realicé las prácticas.&#xd;
Se estudiará una industria en particular usando distintas potencias pico &#xd;
y se analizarán los resultados.&#xd;
Posteriormente, se realizará el mismo proceso utilizando acumuladores.&#xd;
Por último, se hará una comparación cualitativa y cuantitativa entre la &#xd;
producción generada neta entre PVsyst 6.8.8 y SIZE Pro -herramienta&#xd;
propia de cálculo de PROYECTARENOVABLES CONTROL SLU-.</subfield>
</datafield>
<datafield tag="520" ind1=" " ind2=" ">
<subfield code="a">This Final Degree Project is based on the study of the installation of &#xd;
photovoltaic panels for self-consumption in an industry with and without &#xd;
the use of accumulators.&#xd;
I have used PVsyst 6.8.8 software, designed for the calculation of &#xd;
photovoltaic systems and the information provided by the company &#xd;
PROYECTARENOVABLES CONTROL SLU where I have been working.&#xd;
A particular industry will be studied using different maximum (peak) &#xd;
powers and the results will be analyzed.&#xd;
Subsequently, the same process will be carried out using accumulators.&#xd;
Ultimately, a qualitative and quantitative comparison will be made &#xd;
between the net generated production between PVsyst 6.8.8 and SIZE &#xd;
Pro -PROYECTARENOVABLES CONTROL SLU's own calculation tool-.</subfield>
</datafield>
<datafield tag="024" ind2=" " ind1="8">
<subfield code="a">https://uvadoc.uva.es/handle/10324/59005</subfield>
</datafield>
<datafield tag="245" ind1="0" ind2="0">
<subfield code="a">Estudio y comparación de una  instalación fotovoltaica de  autoconsumo con y sin acumulación  para una granja porcina</subfield>
</datafield>
</record></metadata></record></GetRecord></OAI-PMH>